000 01153nam2a22002651 4500
001 v19\rc\1293573
005 20250620060158.0
035 _a(NLR Aleph) 005201363
090 _a5313345
_c5313345
100 _a20060306d1871 |||y0rusy50 ca
101 0 _arus
102 _aRU
105 _aab z |||||
200 1 _aРисунки к исследованию рыболовства на Черном и Азовском морях
210 _d1871
_aБ. м.
215 _a[5] с., 35 л. цв. ил, карт.
_d34х48
461 0 _1001v19\rc\1293562
_12001#$aИсследования о состоянии рыболовства в России$vТ. 8
_95313237
_cСанктПетербург
_d1860-1876
_nизданы Министерством государственных имуществ
_tИсследования о состоянии рыболовства в России
_vТ. 8
801 0 _aRU
_bNLR
_c20060306
_gpsbo
801 0 _aRU
_bRuMoRGB
_c20060306
_2psbo
801 1 _aRU
_bProSoft-M
_c20060306
_2rusmarc
801 2 _aRU
_bNLR
_c20100719
_2rusmarc
852 _aNLR
_j18.41.1.9(рис. т.8)
942 _cBOOK
980 _aNB